Statystyki dla Przystanki linii tramwajowej 5 w Toruniu

Kliknij tutaj aby rozwiązać quiz!

Ogólne statystyki

  • Ten quiz został rozwiązany 16 razy
  • Średni wynik to 19 z 24

Statystyki odpowiedzi

Odpowiedź% Poprawnych
Gołębia
100%
Dworzec Miasto
93%
Motoarena
93%
Ogród Zoobotaniczny
93%
Plac Rapackiego
93%
Plac św. Katarzyny
93%
Olimpijska
86%
Plac Daszyńskiego
86%
Wyszyńskiego
86%
Jamontta
79%
Przy Skarpie
79%
Ślaskiego
79%
Szosa Bydgoska
79%
Targowa
79%
Kosynierów Kościuszkowskich
71%
Ligi Polskiej
71%
Mickiewicza
71%
Osiedle Zieleniec
71%
Plac Skalskiego
71%
Reja
71%
Rydygiera
71%
Wały gen. Sikorskiego
71%
Sienkiewicza
64%
Konopnickiej
57%

Rozkład punktacji

Percentyl według liczby udzielonych odpowiedzi

Procent ludzi z każdym wynikiem

Twoja historia wyników

Nie rozwiązałeś tego quizu